Catálogo
 En Linea
Vista normal Vista MARC

Entrada Nombre geográfico

Número de registros utilizados en: 2

001 - NÚMERO DE CONTROL

  • campo de control: 46369

003 - IDENTIFICADOR DEL NÚMERO DE CONTROL

  • campo de control: OSt

005 - FECHA Y HORA DE LA ÚLTIMA TRANSACCIÓN

  • campo de control: 20200615034131.0

008 - DATOS DE LONGITUD FIJA

  • campo de control de longitud fija: 200615|| aca||aabn | a|a d

040 ## - FUENTE DE LA CATALOGACIÓN

  • Centro catalogador/agencia de origen: OSt
  • Centro/agencia transcriptor: OSt

151 ## - ENCABEZAMIENTO--NOMBRE GEOGRÁFICO

  • Nombre geográfico: SANTO DOMINGO (REPÚBLICA DOMINICANA)
  • Subdivisión general: VIDA SOCIAL Y COSTUMBRES
  • Subdivisión de forma: NOVELA

670 ## - FUENTE DE DATOS ENCONTRADOS

  • Cita de la fuente: Work cat.: (OSt)22019: Amiama, Manuel Antonio, 1899-1991 1795, El viaje :, 2003.

Con tecnología Koha